Honglou Meng = Classic story

Bibliographic Details
Format: Book
Published: s.l. : Shanghai People Art Publishing House , 2006
Subjects:

MARC

LEADER 00000cam a2200000 7i4500
001 0000111153
005 20251013111859.0
020 |a 7532237362 
090 0 0 |a FMC   |b HON 
245 0 0 |a Honglou Meng = Classic story 
260 |a s.l. :   |b Shanghai People Art Publishing House ,   |c 2006 
300 |a 260p. :   |b ill. ;   |c 20cm. 
650 0 0 |a Chinese fiction 
650 0 0 |a Chinese language 
999 |a 00203969   |b BUKU   |c FICTION MANDARIN COLLECTION   |e PERPUSTAKAAN KOMUNITI PETALING JAYA